Vista normal
Vista MARC
Entrada Materia (tema)
Número de registros utilizados en: 1
001 - CONTROL NUMBER
- control field: 89198
003 - CONTROL NUMBER IDENTIFIER
- control field: Co-BoUCM
005 - DATE AND TIME OF LATEST TRANSACTION
- control field: 20171120095838.0
008 - FIXED-LENGTH DATA ELEMENTS
- fixed length control field: 171120|| aca||aabn | a|a d
040 ## - CATALOGING SOURCE
- Original cataloging agency: Co-BoUCM
- Transcribing agency: Co-BoUCM
150 ## - HEADING--TOPICAL TERM
- Topical term or geographic name as entry element: Causa inmediata
- Geographic subdivision: Francia
670 ## - SOURCE DATA FOUND
- Source citation: Work cat.: (Co-BoUCM)308040: Steel, Sandy 89195, Proof of causation in tort law, 2015